Normal view
MARC view
- Sinha, Amritasu, Mugiraneza, Jean Bosco
Entry Personal Name
001 - CONTROL NUMBER
- control field: 68533
003 - CONTROL NUMBER IDENTIFIER
- control field: NUST
005 - DATE AND TIME OF LATEST TRANSACTION
- control field: 20210628204048.0
008 - FIXED-LENGTH DATA ELEMENTS
- fixed length control field: 210628|| aca||aabn | a|a d
040 ## - CATALOGING SOURCE
- Original cataloging agency: NUST
- Transcribing agency: NUST
100 ## - HEADING--PERSONAL NAME
- Personal name: Sinha, Amritasu, Mugiraneza, Jean Bosco
670 ## - SOURCE DATA FOUND
- Source citation: Work cat.: (NUST): Sinha, Amritasu, Mugiraneza, Jean Bosco, Principles of engineering analysis, 2012
